How pleasure works : the new science of why we like what we like /

In this fascinating and witty account, Yale psychologist Paul Bloom examines the science behind our curious desires, attractions, and tastes, covering everything from the animal instincts of sex and food to the uniquely human taste for art, music, and stories.

Bibliographic Details
Main Author: Bloom, Paul, 1963-
Format: Book
Language:English
Published: New York : W. W. Norton, [2010]
Edition:1st ed.
Subjects:

MARC

Tag First Indicator Second Indicator Subfields
LEADER 00000cam a2200000 a 4500
001 in00002575280
005 20151201152259.0
008 100211s2010 nyua b 001 0 eng
010 |a  2010005803 
020 |a 9780393066326 (hardcover) 
020 |a 0393066320 (hardcover) 
029 1 |a CDX  |b 9926607 
035 |a (OCoLC)ocn317919999 
035 |a (OCoLC)317919999 
040 |a DLC  |c DLC  |d YDX  |d BTCTA  |d IH9  |d YDXCP  |d CDX  |d UPZ  |d UtOrBLW 
049 |a TXAM 
050 0 0 |a BF515  |b .B56 2010 
082 0 0 |a 152.4/2  |2 22 
100 1 |a Bloom, Paul,  |d 1963- 
245 1 0 |a How pleasure works :  |b the new science of why we like what we like /  |c Paul Bloom. 
250 |a 1st ed. 
264 1 |a New York :  |b W. W. Norton,  |c [2010] 
264 4 |c ©2010 
300 |a xvi, 280 pages :  |b illustrations ;  |c 25 cm. 
336 |a text  |b txt  |2 rdacontent 
337 |a unmediated  |b n  |2 rdamedia 
338 |a volume  |b nc  |2 rdacarrier 
504 |a Includes bibliographical references and index. 
505 0 |a The essence of pleasure -- Foodies -- Bedtricks -- Irreplaceable -- Performance -- Imagination -- Safety and pain -- Why pleasure matters. 
520 |a In this fascinating and witty account, Yale psychologist Paul Bloom examines the science behind our curious desires, attractions, and tastes, covering everything from the animal instincts of sex and food to the uniquely human taste for art, music, and stories. 
650 0 |a Pleasure. 
938 |a Baker and Taylor  |b BTCP  |n BK0008280817 
938 |a YBP Library Services  |b YANK  |n 3067421 
938 |a Coutts Information Services  |b COUT  |n 9926607  |c 26.95 USD 
945 |a PromptCat  |b 15366 
946 |a stk 
947 |a A14840179341 
994 |a 92  |b TXA 
948 |a Cataloged  |b h  |c 2010/7/1  |d c  |e ibarton 
999 |a MARS 
999 f f |s b19f7d6b-6222-3308-bb4e-835aa8b01ab7  |i 54eab27e-da5a-3927-ac39-5de9d3ac1016  |t 0 
952 f f |p normal  |a Texas A&M University  |b College Station  |c Sterling C. Evans Library  |d Evans: Library Stacks  |t 0  |e BF515 .B56 2010  |h Library of Congress classification  |i unmediated -- volume  |m A14840179341 
998 f f |a BF515 .B56 2010  |t 0  |l Evans: Library Stacks